| 000 | 00641nam a2200229Ia 4500 | ||
|---|---|---|---|
| 003 | BUBTL | ||
| 008 | 151213s9999 xx 000 0 und d | ||
| 020 | _a0256087253 | ||
| 082 | _a658.85/ K9673p/ 1991 | ||
| 100 |
_aKurtz, David L. _92561 |
||
| 245 |
_aProfessional Selling _cDavid L. Kurtz and H. Robert Dodge |
||
| 250 | _a6th | ||
| 260 |
_aBoston _bIrwin _cc1991 |
||
| 300 |
_a[xx].444p.: _b23cm. |
||
| 500 | _aIncludes Index. | ||
| 650 |
_aMarketing _92562 |
||
| 650 |
_aSelling _92563 |
||
| 700 |
_aDavid L. Kurtz and H. Robert Dodge _92561 |
||
| 856 |
_k0 _l0 _yDownload |
||
| 942 |
_2ddc _cBK |
||
| 999 |
_c2014 _d2014 |
||